Impact of Refugee Population on Development: A Comparative Analysis for the Case of Host Economies

Vzťah medzi utečencami a rozvojom hostiteľských ekonomík z makroekonomického hľadiska.

Na minha lista:
Detalhes bibliográficos
Autor principal: Kouni, Mohamed
Formato: Capítulo de Livro
Idioma:inglês
Assuntos:
Tags: Adicionar Tag
Sem tags, seja o primeiro a adicionar uma tag!

MARC

LEADER 00000naa a2200000 4500
001 0242347
005 20221104111928.0
041 0 |a eng 
044 |a CZ 
245 1 0 |a Impact of Refugee Population on Development: A Comparative Analysis for the Case of Host Economies  |c Mohamed Kouni 
520 |a Vzťah medzi utečencami a rozvojom hostiteľských ekonomík z makroekonomického hľadiska. 
610 2 0 |a rozvoj hospodársky 
610 2 0 |a makroekonomika 
610 2 0 |a utečenci 
610 2 0 |a zamestnanci 
610 2 0 |a spotrebitelia 
610 2 0 |a metódy ekonometrické 
610 2 0 |a metódy ekonomicko-matematické 
610 2 0 |a rast hospodársky 
100 1 |a Kouni, Mohamed